Projektování rodinných domků /
Uložené v:
| Hlavní autori: | , |
|---|---|
| Médium: | Kniha |
| Jazyk: | Czech |
| Vydané: |
Praha :
Státní nakladatelství technické literatury,
1982.
|
| Vydanie: | 1. vyd. |
| Edícia: | Polytechnická knižnice. Řada 3, Udělejte si sami
sv. 89 |
| ISBN: |
(viaz.) |
| Fyzický popis: |
166 s. : obr., fot., tb. ; 21 cm. |
| Tagy: |
Pridať tag
Žiadne tagy, Buďte prvý kto otaguje tento záznam!
|
Titul je dostupný aj v ... 

MARC
| LEADER | 00000nam a2200000 4500 | ||
|---|---|---|---|
| 001 | 000205129 | ||
| 005 | 20100106165456.0 | ||
| 008 | 830610s1982 xr cze d | ||
| 020 | |a (viaz.) | ||
| 040 | |a SVKKK |b slo |c SVKKK |e AACR2 | ||
| 041 | 0 | |a cze | |
| 044 | |a xr |c CZ | ||
| 100 | 1 | |a Fess, Miroslav |4 aut | |
| 245 | 1 | 0 | |a Projektování rodinných domků / |c Miroslav Fess, Bohumil Došla. |
| 250 | |a 1. vyd. | ||
| 260 | |a Praha : |b Státní nakladatelství technické literatury, |c 1982. | ||
| 300 | |a 166 s. : |b obr., fot., tb. ; |c 21 cm. | ||
| 366 | |e 45200 výt. | ||
| 490 | 1 | |a Polytechnická knižnice. Řada 3, Udělejte si sami ; |v sv. 89 | |
| 500 | |a Väzba Miroslav Houska | ||
| 500 | |a Prehľ. lit. a ČSN | ||
| 700 | 1 | |a Došla, Bohumil |4 aut | |
| 830 | 0 | |a Polytechnická knižnice. Řada 3, Udělejte si sami |v sv. 89 | |
| 910 | |a svkkk | ||
| 998 | |a BK | ||
| 090 | |g SCKHL |k Sklad Pribinova 2. posch. |a II.280148 |j 667436 |i 205129-10 |s Nezvestná 1 | ||